| 000 | 02047 a2200229 4500 | ||
|---|---|---|---|
| 001 | 45845 | ||
| 005 | 20260407155730.0 | ||
| 008 | 260407a1972 arg spa d | ||
| 003 | AR-UNSa-BCEJYS | ||
| 040 |
_aAR-UNSa-BCEJYS _bspa _cAR-UNSa-BCEJYS |
||
| 080 |
_a316.324.7 _xSociedades industriales |
||
| 245 | 1 | 0 | _aEl nuevo estado industrial |
| 250 | _a5a. ed. | ||
| 264 | 1 |
_aBarcelona : _bAriel _c1972 |
|
| 300 |
_a503 p. _c19 cm. |
||
| 505 | _a1. El cambio y el sistema industrial – 2. Los imperativos de la tecnología – 3. La naturaleza de la planificación industrial – 4. La planificación y la oferta de capitales – 5. Capital y poder – 6. La tecnostructura – 7. La gran sociedad anónima – 8. El empresario y la tecnostructura – 9. Excurso sobre el socialismo – 10. La contradicción aceptada – 11. La teoría general de la motivación – 12. Perspectivas de la motivación – 13. Motivación y tecnostructura – 14. El principio de coherencia – 15. Los objetivos del sistema industrial – 16. Los precios en el sistema industrial – 17. Los precios en el sistema industrial (continuación) – 18. La gestión de la demanda específica – 19. Revisión de una secuencia – 20. La regulación de la demanda agregada – 21. La naturaleza del empleo y del desempleo – 22. El control de la espiral de los precios y salarios – 23. El sistema industrial y el sindicato, I – 24. El sistema industrial y el sindicato, II: el sindicato ministerial – 25. El estamento pedagógico y científico – 26. El sistema industrial y el estado, I – 27. El sistema industrial y el estado, II – 28. Un resumen más – 29. El sistema industrial y la guerra fría – 30. Las demás dimensiones – 31. Las lagunas del plan – 32. Sobre el trabajo – 33. Educación y emancipación – 34. La dirección política – 35. El futuro del sistema industrial - | ||
| 041 | _aspa | ||
| 942 | _cBK | ||
| 590 | _aniveau_biblio:m niveau_hierar:0 | ||
| 100 | 1 | _aSacristán, Manuel | |
| 700 | 1 | _aGalbraith, John Kenneth | |
| 999 |
_c4027 _d4027 |
||